Les 10 joueurs du 21eme siècle avec le plus de victoires. - Statistiques

Statistiques générales
  • Ce quiz a été pris 157 fois
  • Le résultat moyen est 8 sur 10
Statistiques - réponses
Victoires Joueurs Nationalités % Correct
778 Cristiano Ronaldo Portugal
99%
708 Lionel Messi Argentine
99%
598 Andres Iniesta Espagne
88%
651 Xavi Espagne
88%
637 Sergio Ramos Espagne
79%
689 Iker Casillas Espagne
74%
651 Gianluigi Buffon Italie
68%
604 Sergio Busquets Espagne
65%
659 Dani Alves Brésil
60%
610 Ryan Giggs Pays de Galles
60%
Aucun quiz correspondant
Distribution des résultats
% des personnes avec chaque résultat
Percentile par nombre de réponses
Votre historique - résultats
Vous n’avez pas pris ce quiz